An evidence-based resource for pain relief / (Record no. 172675)

MARC details
000 -LEADER
fixed length control field 01069cam a2200313 a 4500
001 - CONTROL NUMBER
control field 3545158
003 - CONTROL NUMBER IDENTIFIER
control field OSt
005 - DATE AND TIME OF LATEST TRANSACTION
control field 20260217105954.0
008 - FIXED-LENGTH DATA ELEMENTS--GENERAL INFORMATION
fixed length control field 971029s1998 enka b 001 0 eng c
020 ## - INTERNATIONAL STANDARD BOOK NUMBER
International Standard Book Number 0192630481100082 (Paperback)
Terms of availability USD 16.00
040 ## - CATALOGING SOURCE
Original cataloging agency DNLM/DLC
Transcribing agency DLC
Modifying agency DLC
Language of cataloging eng
Description conventions rda
050 00 - LIBRARY OF CONGRESS CALL NUMBER
Classification number RM319 MCQ
100 1# - MAIN ENTRY--PERSONAL NAME
Personal name McQuay, H. J.
Relator term Author
245 13 - TITLE STATEMENT
Title An evidence-based resource for pain relief /
Statement of responsibility, etc. H. J. McQuay and R. A. Moore.
260 ## - PUBLICATION, DISTRIBUTION, ETC.
Place of publication, distribution, etc. New York :
Name of publisher, distributor, etc. Oxford University Press,
Date of publication, distribution, etc. ©1998.
300 ## - PHYSICAL DESCRIPTION
Extent 264 pages :
Other physical details Illustrations ;
Dimensions 29 cm.
336 ## - CONTENT TYPE
Content type term text
Content type code txt
Source rdacontent
337 ## - MEDIA TYPE
Media type term unmediated
Media type code n
Source rdamedia
338 ## - CARRIER TYPE
Carrier type term volume
Carrier type code nc
Source rdacarrier
440 #0 - SERIES STATEMENT/ADDED ENTRY--TITLE
Title Oxford medical publications.
504 ## - BIBLIOGRAPHY, ETC. NOTE
Bibliography, etc. note Includes bibliographical references and index.
650 #0 - SUBJECT ADDED ENTRY--TOPICAL TERM
Topical term or geographic name entry element Analgesics
General subdivision Testing.
650 #0 - SUBJECT ADDED ENTRY--TOPICAL TERM
Topical term or geographic name entry element Evidence-based medicine.
650 #0 - SUBJECT ADDED ENTRY--TOPICAL TERM
Topical term or geographic name entry element Pain
General subdivision Chemotherapy
-- Research.
650 #0 - SUBJECT ADDED ENTRY--TOPICAL TERM
Topical term or geographic name entry element Clinical trials
General subdivision Design.
650 12 - SUBJECT ADDED ENTRY--TOPICAL TERM
Topical term or geographic name entry element Pain
General subdivision therapy.
700 1# - ADDED ENTRY--PERSONAL NAME
Personal name Moore, R. A.
Relator term Author
942 ## - ADDED ENTRY ELEMENTS (KOHA)
Source of classification or shelving scheme Library of Congress Classification
Koha item type Ordinary Loan Books
Classification part RM319 MCQ
Call number prefix RM
Call number suffix MCQ
Suppress in OPAC No
Holdings
Withdrawn status Lost status Source of classification or shelving scheme Damaged status Not for loan Collection Home library Current library Shelving location Date acquired Source of acquisition Cost, normal purchase price Total Checkouts Full call number Barcode Date last seen Accession number Cost, replacement price Price effective from Koha item type Public note
    LCC     NFIC Medical Medical GEN 02/17/2026 Book Aid International 16.00   RM319 MCQ 92004057481 02/17/2026 63332 16.00 02/17/2026 BOOKS Donation